| 000 | 00447nam a22001697a 4500 | ||
|---|---|---|---|
| 003 | NUST - PNEC | ||
| 005 | 20170116181017.0 | ||
| 008 | 150915b xxu||||| |||| 00| 0 eng d | ||
| 020 | _a- | ||
| 040 | _cLIBRARY | ||
| 082 | _a621.4 WRA | ||
| 100 |
_910481 _a Wrangham, Digby Alfred |
||
| 245 |
_aThe theory and practice of heat engines, _cDigby Alfred, Wrangham |
||
| 250 | _a2th ed | ||
| 650 |
_910482 _aHeat-engines _xGernal |
||
| 942 |
_2ddc _cBK |
||
| 999 |
_c67305 _d67305 |
||